Elaboración de un sistema de gestión de seguridad y salud en el Laboratorio de Ingeniería Química
Sparad:
| Huvudupphovsman: | |
|---|---|
| Materialtyp: | Bok |
| Språk: | Spanish |
| Publicerad: |
San José, Costa Rica
2013
|
| Ämnen: | |
| Taggar: |
Lägg till en tagg
Inga taggar, Lägg till första taggen!
|
MARC
| LEADER | 00000nam a22000007a 4500 | ||
|---|---|---|---|
| 003 | 011649 | ||
| 005 | 20221231143918.0 | ||
| 008 | 151009b2013 cr a|||| |||| 00| 0 spa d | ||
| 040 | |c cru CEDI | ||
| 090 | |a TFG 6819 | ||
| 100 | |9 1427 |a Núñez Brenes, Mariela | ||
| 245 | |a Elaboración de un sistema de gestión de seguridad y salud en el Laboratorio de Ingeniería Química | ||
| 260 | |a San José, Costa Rica |c 2013 | ||
| 500 | |a Proyecto de graduación (licenciatura en ingeniería química)--Universidad de Costa Rica. Facultad de Ingeniería. Escuela de Ingeniería Química | ||
| 648 | |x LABORATORIOS DE INGENIERIA QUIMICA - MEDIDAS DE SEGURIDAD |x UNIVERSIDAD DE COSTA RICA. FACULTAD DE INGENIERIA. ESCUELA DE INGENIERIA QUIMICA |x SEGURIDAD OCUPACIONAL |x SALUD OCUPACIONAL |x LABORATORIOS DE INGENIERIA QUIMICA - MEDIDAS DE SEGURIDAD - EVALUACION |x EVALUACION DE RIESGOS |9 1428 | ||
| 942 | |c TFG | ||
| 999 | |c 14124 |d 14124 | ||
